QUEST Central Library Banner

Reflection of Beams for all Spans and cross Sections (Record no. 14678)

MARC details
000 -LEADER
fixed length control field 00240nam a22001097a 4500
082 ## - DEWEY DECIMAL CLASSIFICATION NUMBER
Classification number 624.17723
100 ## - MAIN ENTRY--AUTHOR NAME
Personal name Yum
245 ## - TITLE STATEMENT
Title Reflection of Beams for all Spans and cross Sections
260 ## - PUBLICATION, DISTRIBUTION, ETC. (IMPRINT)
Place of publication London
Year of publication 1986
300 ## - PHYSICAL DESCRIPTION
Number of Pages 223
942 ## - ADDED ENTRY ELEMENTS (KOHA)
Koha item type Books
Holdings
Withdrawn status Lost status Home library Current library Date acquired Cost, normal purchase price Full call number Accession Number Koha item type
    Seminar Library, Civil Engg. Seminar Library, Civil Engg. 12/11/2015 1113.00 624.17723 12748 Books

Copyright © 2018,The QUEST, Nawabshah, Shaheed Benazirabad. All rights reserved
Mr. G. Farooq Channar (Librarian) QUEST, Nawabshah, Sindh, Pakistan 67480.
 Ph#: |   0244-9370381-4 Ext. 2308   Email| lib@quest.edu.pk   Web|  http://www.quest.edu.pk